| 000 | 00439nam a2200145 a 4500 | ||
|---|---|---|---|
| 001 | 000029531 | ||
| 005 | 20240320074002.0 | ||
| 008 | 110418s1999 dr 000 0 spa d | ||
| 040 |
_aDO-SdBNP _bspa _cBNPHU |
||
| 245 | 0 | 0 |
_aPalabras justas / _ceditor Rafael Bello Peguero. |
| 260 |
_aSanto Domingo : _bEditora Amigo del Hogar, _c1999. |
||
| 300 |
_a23 p. ; _c23 cm. |
||
| 700 | 1 |
_aBello Peguero, Rafael, _d1932-2022 _eed. _92405 |
|
| 049 | _aBNPD | ||
| 999 |
_c29023 _d29023 |
||